<?xml version="1.0" encoding="UTF-8"?>
<record
    xmlns:xsi="http://www.w3.org/2001/XMLSchema-instance"
    xsi:schemaLocation="http://www.loc.gov/MARC21/slim http://www.loc.gov/standards/marcxml/schema/MARC21slim.xsd"
    xmlns="http://www.loc.gov/MARC21/slim">

  <leader>01722nam a22001937a 4500</leader>
  <datafield tag="952" ind1=" " ind2=" ">
    <subfield code="0">0</subfield>
    <subfield code="1">0</subfield>
    <subfield code="2">lcc</subfield>
    <subfield code="4">0</subfield>
    <subfield code="7">0</subfield>
    <subfield code="a">20</subfield>
    <subfield code="b">20</subfield>
    <subfield code="d">2014-10-09</subfield>
    <subfield code="l">19</subfield>
    <subfield code="o">KGF404 A44 2014</subfield>
    <subfield code="p">20 002155</subfield>
    <subfield code="r">2024-09-23</subfield>
    <subfield code="s">2019-01-14</subfield>
    <subfield code="t">1</subfield>
    <subfield code="w">2014-10-09</subfield>
    <subfield code="y">LB</subfield>
  </datafield>
  <datafield tag="999" ind1=" " ind2=" ">
    <subfield code="c">94542</subfield>
    <subfield code="d">94542</subfield>
  </datafield>
  <controlfield tag="008">141009b2014    M  ||||| |||| 00| 0 S   d</controlfield>
  <datafield tag="020" ind1=" " ind2=" ">
    <subfield code="a">9786074065787</subfield>
  </datafield>
  <datafield tag="050" ind1=" " ind2=" ">
    <subfield code="a">KGF404</subfield>
    <subfield code="b">A44 2014</subfield>
  </datafield>
  <datafield tag="110" ind1=" " ind2=" ">
    <subfield code="a">M&#xE9;xico</subfield>
  </datafield>
  <datafield tag="245" ind1=" " ind2=" ">
    <subfield code="a">Agenda Civil Federal 2014</subfield>
    <subfield code="c"> / M&#xE9;xico</subfield>
  </datafield>
  <datafield tag="250" ind1=" " ind2=" ">
    <subfield code="a">19a. edici&#xF3;n</subfield>
  </datafield>
  <datafield tag="260" ind1=" " ind2=" ">
    <subfield code="a">M&#xE9;xico</subfield>
    <subfield code="b"> : Ediciones Fiscales ISEF</subfield>
    <subfield code="c"> , 2014</subfield>
  </datafield>
  <datafield tag="300" ind1=" " ind2=" ">
    <subfield code="a">1 V. en varias paginaciones </subfield>
  </datafield>
  <datafield tag="505" ind1=" " ind2=" ">
    <subfield code="a">C&#xF3;digo Civil Federal.
C&#xF3;digo Federal de Procedimientos Civiles.
Ley Org&#xE1;nica del Poder Judicial de la Federaci&#xF3;n.
Ley Federal de Procedimientos Administrativos.
Ley Federal del Derecho de Autor.
Reglamento de la Ley Federal del Derecho de Autor.
Reglamento Interior del Instituto Nacional del Derecho de Autor.
Ley Federal de Juegos y Sorteos.
Reglamento de la Ley Federal de Juegos y Sorteos.
Ley General de Protecci&#xF3;n Civil.
Ley para la Protecci&#xF3;n de los Derechos de Ni&#xF1;as, Ni&#xF1;os y Adolescentes.
Ley para la Protecci&#xF3;n de Personas Defensoras de Derechos Humanos y Periodistas.
Ley de los Derechos de las Personas Adultas Mayores.
Ley del Instituto Nacional de las Mujeres.
Ley Federal para Prevenir y Eliminar la Discriminaci&#xF3;n.
Ley de Premios, Est&#xED;mulos y Recompensas Civiles.
Ley General para la inclusi&#xF3;n de las Personas con Discapacidad.
Ley Federal de Protecci&#xF3;n de Datos Personales en Posesi&#xF3;n de los Particulares.
Reglamento de la Ley Federal de Protecci&#xF3;n de Datos Personales en Posesi&#xF3;n de los Particulares.
Ley General de Prestaci&#xF3;n de Servicios para la Atenci&#xF3;n, Cuidado y Desarrollo Integral Infantil.</subfield>
  </datafield>
  <datafield tag="519" ind1=" " ind2=" ">
    <subfield code="a">Material Complementario / </subfield>
    <subfield code="d">(20 002155)</subfield>
  </datafield>
  <datafield tag="650" ind1=" " ind2="0">
    <subfield code="a">DERECHO CIVIL</subfield>
    <subfield code="x">LEYES Y LEGISLACI&#xD3;N</subfield>
    <subfield code="z">M&#xC9;XICO</subfield>
  </datafield>
  <datafield tag="650" ind1=" " ind2="0">
    <subfield code="a">PROCEDIMIENTO CIVIL </subfield>
    <subfield code="z">M&#xC9;XICO</subfield>
  </datafield>
  <datafield tag="942" ind1=" " ind2=" ">
    <subfield code="c">LB</subfield>
    <subfield code="2">lcc</subfield>
  </datafield>
</record>
